000
00307nam a22001217a 4500
008
180515b xxu||||| |||| 00| 0 eng d
041
_a
eng
080
_a
043.3
100
_a
0
101
_a
ARK-BTH
245
_a
Ndërtesë kulturore- muze i gjenocidit të Serbisë në Kosovë
_c
Neziri,G
942
_2
udc
_c
BK
999
_c
45784
_d
45784